000 01113cab a2200361 4500
001 ABS50948
008 090401t1994 xxu||||| |||| 00| 0 eng d
035 _a(Sirsi) u2717
041 _aeng
100 _aDamone, L.
245 _aMinimising shortfalls
260 _c1994
350 _a0
490 _aMortgage Finance
_v126(1537) June 1994, 36-40(4)
520 _aExamines the main problems which arise in claims against surveyors and how liability can be established.
650 _aABOUT RICS-RICS MEMBERS
650 _aCONSEQUENTIAL LOSSES
650 _aCONTRIBUTORY NEGLIGENCE
650 _aDUTY OF CARE
650 _aLLOYD V BUTLER
650 _aMARGIN OF ERROR
650 _aMEASURE OF DAMAGES
650 _aMOUNT BANKING CORPORATION V BRIAN COOPER & CO
650 _aNEGLIGENCE
650 _aOVER-VALUATION
650 _aSURVEYORS
650 _aSWINGCASTLE V ALASTAIR GIBSON
650 _aUNITED BANK OF KUWAIT V PRUDENTIAL PROPERTY SERVICES LTD
650 _aVALUERS
690 _aMANAGEMENT-BUSINESS MANAGEMENT-PROFESSIONAL PRACTICE
942 _n0
948 _c04/03/1997
999 _c1637
_d1637